000 00538nam a2200169 i 4500
001 150410
003 ES-MaACL
005 20230906203512.0
007 t|
008 071030s1964 sp ||||1| spa d
100 1 _aValbuena Prat, Ángel,
_d1900-1977
_9112459
245 1 0 _aEstudios de literatura religiosa española
_b: época medieval y Edad de Oro /
_cAngel Valbuena Prat.
260 _aMadrid :
_bAfrodisio Aguado,
_c[1964]
300 _a282 p. ;
_c19 cm.
852 _aES-MaACL
_jC-24954
_bR.53699
999 _c150410
_d150410